[Event "Brno CEZ Talent"]
[Site "?"]
[Date "2013.08.31"]
[Round "8"]
[White "Veznik, Michael"]
[Black "Martirosyan, Aras"]
[Result "1-0"]
[WhiteElo "1876"]
[BlackElo "1610"]
[PlyCount "135"]

1. b3 e5 2. Bb2 Nc6 3. c4 Nf6 4. e3 g6 5. d3 Bg7 6. a3 a5 7. Qc2 O-O 8. Nf3 d6
9. Be2 Bd7 10. O-O Re8 11. Nc3 h6 12. Nd2 Kh7 13. Rae1 Ra6 14. Nde4 Nxe4 15.
dxe4 f5 16. c5 Ra8 17. cxd6 cxd6 18. Rd1 Bc8 19. Nb5 Re6 20. exf5 gxf5 21.
Qxf5+ Rg6 22. Qh5 Rg5 23. Qf3 Bg4 24. Qe4+ Bf5 25. Qc4 d5 26. Rxd5 Qe7 27. Rfd1
Be6 28. Qc2+ Bf5 29. e4 Bh3 30. g3 Be6 31. R5d2 Rf8 32. Bf1 Qf7 33. Bc4 Bxc4
34. Qxc4 Qxc4 35. bxc4 Rg4 36. Nd6 b6 37. h3 Rg5 38. Nf5 a4 39. Rd7 Kg8 40. Rc7
Nd4 41. f4 Rfxf5 42. fxg5 Rxg5 43. Kf2 Rg6 44. Rf1 Ne6 45. Rc8+ Kh7 46. Kg2
Nf4+ 47. Kh2 Ne2 48. Rf3 Nd4 49. Rf7 h5 50. Bc1 Ne2 51. Be3 Nxg3 52. Ra8 Nxe4
53. Rxa4 Nd6 54. Rf1 b5 55. cxb5 Nxb5 56. Rh4 Nxa3 57. Rxh5+ Kg8 58. Ra1 Nc2
59. Ra8+ Kf7 60. Bf2 e4 61. Bg3 e3 62. Rf5+ Bf6 63. Rc5 Nd4 64. Rc7+ Be7 65.
Kg2 Nf5 66. Raa7 Rxg3+ 67. Kf1 Rf3+ 68. Ke1 {(Time!)} 1-0

[Event "Brno CEZ Talent"]
[Site "?"]
[Date "2013.08.31"]
[Round "8"]
[White "Zikan, Karel"]
[Black "Glacner, Karel"]
[Result "1-0"]
[WhiteElo "1795"]
[BlackElo "1583"]
[PlyCount "91"]

1. Nf3 Nf6 2. c4 Ng4 3. Nc3 d6 4. d4 g6 5. g3 Bg7 6. Bg2 O-O 7. O-O Re8 8. Qc2
Nf6 9. b3 Nbd7 10. Bb2 e6 11. Rad1 Rb8 12. Rfe1 c6 13. e4 d5 14. cxd5 cxd5 15.
e5 Ng4 16. Nb5 Qb6 17. Nd6 Rd8 18. Rc1 Qa6 19. Bf1 b5 20. Nxb5 Rxb5 21. a4 Bh6
22. Rcd1 Ngxe5 23. Nxe5 Qb7 24. axb5 Nxe5 25. dxe5 Bd7 26. Bc1 Rc8 27. Qb2 Bf8
28. Be3 Bb4 29. Bd2 Bf8 30. Rc1 Rb8 31. Rc2 Be7 32. Rec1 Bd8 33. Bb4 Bb6 34.
Bd6 Re8 35. Bc7 Kg7 36. Bxb6 Qxb6 37. Rc7 Rd8 38. Qa3 d4 39. Qxa7 Qxa7 40. Rxa7
Be8 41. b6 d3 42. Rd1 Rb8 43. b7 Bc6 44. Bg2 Bxg2 45. Kxg2 Rd8 46. Ra8 1-0

[Event "Brno CEZ Talent"]
[Site "?"]
[Date "2013.08.31"]
[Round "8"]
[White "Turza, Pavel"]
[Black "Richterova, Julie"]
[Result "1-0"]
[WhiteElo "1774"]
[BlackElo "1437"]
[PlyCount "57"]

1. d4 Nf6 2. Nf3 e6 3. Bf4 Be7 4. c3 O-O 5. e3 b6 6. Nbd2 Bb7 7. Bd3 d5 8. Qc2
h6 9. h4 c5 10. O-O-O Nc6 11. Ng5 c4 12. Be2 b5 13. e4 g6 14. e5 hxg5 15. exf6
Bxf6 16. hxg5 Bg7 17. Nf3 b4 18. Nh4 Qe8 19. Bd6 Ne7 20. Bxb4 a5 21. Ba3 Bc6
22. f4 Rb8 23. Bxe7 Qxe7 24. Rd2 Bd7 25. g3 Rb6 26. Bd1 Rfb8 27. Nxg6 fxg6 28.
Qxg6 Qf7 29. Rh8+ 1-0

[Event "Brno CEZ Talent"]
[Site "?"]
[Date "2013.08.31"]
[Round "8"]
[White "Koci, Tereza"]
[Black "Eichler, Bretislav"]
[Result "0-1"]
[WhiteElo "1426"]
[BlackElo "1701"]
[PlyCount "62"]

1. c4 c5 2. e4 g6 3. Nc3 Bg7 4. Nge2 d6 5. h3 Nf6 6. d3 Nc6 7. g3 Bd7 8. Bg2
Qc8 9. f3 Rb8 10. g4 a6 11. Qb3 O-O 12. O-O Nd8 13. a4 Ne8 14. Nd5 Nc6 15. a5
e6 16. Nb6 Qd8 17. Kh2 Nd4 18. Nxd4 Bxd4 19. Bh6 Ng7 20. Bg5 f6 21. Bf4 Bc6 22.
Rab1 e5 23. Bg3 Ne6 24. Kh1 f5 25. f4 exf4 26. exf5 gxf5 27. gxf5 Bxg2+ 28.
Kxg2 Rxf5 29. Kh1 Be5 30. Nd5 Nd4 31. Qd1 fxg3 0-1

[Event "Brno CEZ Talent"]
[Site "?"]
[Date "2013.08.31"]
[Round "8"]
[White "Blazek, Pavel"]
[Black "Navratilova, Alena"]
[Result "1-0"]
[WhiteElo "1820"]
[BlackElo "1684"]
[PlyCount "43"]

1. d4 Nf6 2. Bf4 g6 3. Nc3 a6 4. e4 d6 5. Qd2 Bg7 6. Bh6 O-O 7. O-O-O b5 8. a3
Nc6 9. Bxg7 Kxg7 10. d5 Na7 11. f3 c5 12. dxc6 Nxc6 13. Nd5 Nxd5 14. exd5 Na5
15. b4 Nb7 16. g4 Bd7 17. h4 h6 18. h5 g5 19. Qd4+ f6 20. Bd3 e5 21. dxe6 Bxe6
22. Qe4 1-0

[Event "Brno CEZ Talent"]
[Site "?"]
[Date "2013.08.31"]
[Round "8"]
[White "Sojka, Oldrich"]
[Black "Nehyba, Martin"]
[Result "0-1"]
[WhiteElo "1639"]
[BlackElo "1566"]
[PlyCount "90"]

1. e4 e5 2. Bc4 Nf6 3. d3 h6 4. Nf3 Nc6 5. a3 Bc5 6. h3 d6 7. Nc3 Be6 8. Nd5
Bxd5 9. exd5 Ne7 10. Bb5+ Nd7 11. c4 a6 12. Ba4 O-O 13. Bd2 Nb6 14. Bb3 c6 15.
dxc6 bxc6 16. Qc1 a5 17. a4 Nd7 18. O-O Rb8 19. Bc2 Bb4 20. Be3 Nf5 21. Nh2
Nxe3 22. Qxe3 Bc5 23. Qc1 Bd4 24. Rb1 f5 25. b3 Nf6 26. Nf3 Bb6 27. Qd1 g5 28.
Nh2 h5 29. Kh1 Qd7 30. Qd2 Qg7 31. f3 Qg6 32. Rbe1 Bc5 33. Re2 Bb6 34. Qd1 g4
35. f4 e4 36. Rfe1 Rbe8 37. dxe4 Nxe4 38. Bxe4 fxe4 39. hxg4 hxg4 40. g3 Rf7
41. Rd2 e3 42. Rxd6 Qe4+ 43. Nf3 Rh7+ 44. Kg2 gxf3+ 45. Qxf3 Rh2+ 0-1

[Event "Brno CEZ Talent"]
[Site "?"]
[Date "2013.09.01"]
[Round "9"]
[White "Bernasek, Jan"]
[Black "Ponizil, Cyril"]
[Result "1-0"]
[WhiteElo "2535"]
[BlackElo "2421"]
[PlyCount "55"]

1. d4 Nf6 2. c4 g6 3. Nc3 d5 4. Nf3 Bg7 5. h4 dxc4 6. e4 O-O 7. Bxc4 Bg4 8. Be3
Nc6 9. e5 Nh5 10. Qd2 Na5 11. Be2 c5 12. Rd1 Bxf3 13. Bxf3 Nc4 14. Qe2 Nxe3 15.
Qxe3 cxd4 16. Rxd4 Qa5 17. g4 Bxe5 18. Rd5 Bxc3+ 19. bxc3 Qxa2 20. gxh5 Rac8
21. O-O Qc4 22. Qxe7 Qxc3 23. Bg2 Rc7 24. Qg5 f6 25. Qg4 Rg7 26. Qe6+ Kh8 27.
h6 Rc7 28. Rfd1 1-0

[Event "Brno CEZ Talent"]
[Site "?"]
[Date "2013.09.01"]
[Round "9"]
[White "Velicka, Petr"]
[Black "Plat, Vojtech"]
[Result "0-1"]
[WhiteElo "2421"]
[BlackElo "2470"]
[PlyCount "84"]

1. e4 d6 2. d4 Nf6 3. Nc3 e5 4. Nf3 Nbd7 5. Bc4 Be7 6. O-O O-O 7. Re1 c6 8. a4
a5 9. b3 Qc7 10. h3 Nb6 11. Bd3 Re8 12. Bb2 Bf8 13. Ne2 exd4 14. Nexd4 Nbd7 15.
Nf5 Ne5 16. Nxe5 dxe5 17. Qf3 g6 18. Ne3 Nh5 19. Nc4 f6 20. Qe3 Be6 21. Qb6
Qxb6 22. Nxb6 Rad8 23. Red1 Bc5 24. Nc4 b6 25. Ba3 Bxa3 26. Rxa3 Bxc4 27. Bxc4+
Kf8 28. Raa1 f5 29. exf5 gxf5 30. Rxd8 Rxd8 31. Re1 Re8 32. Rd1 Ke7 33. Kf1 Nf6
34. Ba6 Ne4 35. Be2 Nc3 36. Rd3 Nd5 37. g3 e4 38. Rd2 Nc3 39. Ba6 Rb8 40. Ke1
b5 41. axb5 cxb5 42. Rd4 Ra8 0-1

[Event "Brno CEZ Talent"]
[Site "?"]
[Date "2013.09.01"]
[Round "9"]
[White "Svoboda, Vaclav"]
[Black "Skliba, Martin"]
[Result "1/2-1/2"]
[WhiteElo "2424"]
[BlackElo "2271"]
[PlyCount "103"]

1. e4 c5 2. Nf3 e6 3. d4 cxd4 4. Nxd4 a6 5. Nc3 Qc7 6. Bd3 Nf6 7. O-O Nc6 8.
Be3 Nxd4 9. Bxd4 Bc5 10. Bxc5 Qxc5 11. Kh1 b5 12. Qe1 d6 13. f4 e5 14. fxe5
Qxe5 15. Qh4 O-O 16. Rae1 Be6 17. Nd5 Nd7 18. Ne7+ Kh8 19. Nc6 Qc5 20. e5 g6
21. Nd4 Nxe5 22. Qf6+ Kg8 23. Nxe6 fxe6 24. Qxe6+ Kg7 25. Qe7+ Kg8 26. h3 Rae8
27. Qb7 Qc6 28. Rxf8+ Rxf8 29. Qxc6 Nxc6 30. Re6 Rd8 31. Be4 Nd4 32. Re7 d5 33.
Bd3 Nc6 34. Re6 Nb4 35. a3 Nxd3 36. cxd3 Rc8 37. Rxa6 Rc2 38. b4 Rc3 39. Ra5
Rxd3 40. Rxb5 Rxa3 41. Rxd5 Rb3 42. b5 Rb2 43. Kh2 Rb3 44. h4 Kg7 45. Rc5 Kf6
46. g3 Rb2+ 47. Kg1 h6 48. g4 g5 49. Rc6+ Ke5 50. Rxh6 gxh4 51. Rxh4 Kf4 52.
Rh5 1/2-1/2

[Event "Brno CEZ Talent"]
[Site "?"]
[Date "2013.09.01"]
[Round "9"]
[White "Bures, Jaroslav"]
[Black "Zwardon, Vojtech"]
[Result "1/2-1/2"]
[WhiteElo "2377"]
[BlackElo "2384"]
[PlyCount "80"]

1. d4 Nf6 2. c4 e5 3. dxe5 Ng4 4. Bf4 g5 5. Bg3 Bg7 6. Nf3 Nc6 7. Nc3 Ngxe5 8.
Nxe5 Nxe5 9. e3 h5 {(R)} 10. h4 g4 11. Qc2 d6 12. O-O-O Be6 13. c5 a6 14. f4
gxf3 15. gxf3 Qe7 16. Bxe5 Bxe5 17. f4 Bxc3 18. Qxc3 Rg8 19. c6 b5 20. e4 Rb8
21. f5 b4 22. Qd4 Bxa2 23. f6 Qe6 24. Bh3 Qc4+ 25. Qxc4 Bxc4 26. Rhg1 Kf8 27.
Rxg8+ Kxg8 28. Rg1+ Kh8 29. Rg5 Rb5 30. Bf5 Rc5 31. Rxh5+ Kg8 32. Rg5+ Kh8 33.
Rh5+ Kg8 34. Rg5+ Kh8 {(R)} 35. Kd2 a5 36. Rh5+ Kg8 37. Rg5+ Kh8 38. Rh5+ Kg8
39. Bh7+ Kh8 40. Bf5+ Kg8 1/2-1/2

[Event "Brno CEZ Talent"]
[Site "?"]
[Date "2013.09.01"]
[Round "9"]
[White "Majer, Jiri"]
[Black "Lanc, Alois"]
[Result "1/2-1/2"]
[WhiteElo "2044"]
[BlackElo "2363"]
[PlyCount "34"]

1. d4 f5 2. c4 Nf6 3. Nf3 d6 4. g3 g6 5. Bg2 Bg7 6. O-O O-O 7. Nc3 Na6 8. Bf4
c5 9. d5 Nc7 10. Qd2 Rb8 11. a4 a6 12. Bh6 b5 13. Bxg7 Kxg7 14. axb5 axb5 15.
b3 bxc4 16. bxc4 Rb4 17. Qd3 Ba6 {(R)} 1/2-1/2

[Event "Brno CEZ Talent"]
[Site "?"]
[Date "2013.09.01"]
[Round "9"]
[White "Roubalik, Jakub"]
[Black "Kuchynka, Lukas"]
[Result "1-0"]
[WhiteElo "2344"]
[BlackElo "2316"]
[PlyCount "59"]

1. d4 Nf6 2. Bg5 Ne4 3. Bf4 d5 4. f3 Nf6 5. e4 e6 6. e5 Nfd7 7. Be3 c5 8. c3 b6
9. f4 g6 10. Nf3 Ba6 11. Bxa6 Nxa6 12. O-O Nc7 13. Na3 c4 14. Nc2 h5 15. Bf2
Be7 16. Ne3 b5 17. b3 Nb6 18. Qe1 h4 19. h3 a5 20. Ng4 Nd7 21. Ng5 Bxg5 22.
fxg5 Qxg5 23. Be3 Qh5 24. Qd2 O-O-O 25. bxc4 dxc4 26. a4 f5 27. exf6 Nc5 28.
Qc2 Nb3 29. Rae1 Qd5 30. Ne5 1-0

[Event "Brno CEZ Talent"]
[Site "?"]
[Date "2013.09.01"]
[Round "9"]
[White "Cizinsky, Petr"]
[Black "Pekar, Vaclav"]
[Result "1/2-1/2"]
[WhiteElo "2145"]
[BlackElo "2146"]
[PlyCount "42"]

1. c4 b6 2. b3 Bb7 3. Bb2 e6 4. Nf3 Nf6 5. e3 Be7 6. Be2 O-O {(R)} 7. O-O c5 8.
Qc2 Nc6 9. a3 d5 10. cxd5 Nxd5 11. d3 Bf6 12. Nbd2 Bxb2 13. Qxb2 Qf6 14. Qxf6
Nxf6 15. Rab1 Nd5 16. Rfc1 Rfd8 17. Bf1 Rac8 18. Rb2 f6 19. Ne4 Ba6 20. Rbc2
Nde7 21. Rc3 Nd5 {(R)} 1/2-1/2

[Event "Brno CEZ Talent"]
[Site "?"]
[Date "2013.09.01"]
[Round "9"]
[White "Dvorak, Adam"]
[Black "Skoda, Martin"]
[Result "1/2-1/2"]
[WhiteElo "2088"]
[BlackElo "2076"]
[PlyCount "21"]

1. d4 Nf6 2. c4 e6 3. Nc3 b6 4. e4 Bb7 5. e5 Ne4 6. Qc2 Nxc3 7. bxc3 d6 8. f4
dxe5 9. fxe5 Qh4+ 10. Qf2 Qe4+ 11. Qe3 {(R)} 1/2-1/2

[Event "Brno CEZ Talent"]
[Site "?"]
[Date "2013.09.01"]
[Round "9"]
[White "Karlik, Vladimir"]
[Black "Cip, Dalibor"]
[Result "1-0"]
[WhiteElo "2284"]
[BlackElo "2103"]
[PlyCount "55"]

1. e4 c5 2. Nc3 Nc6 3. Bb5 Nf6 4. Bxc6 dxc6 5. d3 g6 6. h3 Bg7 7. Be3 Nd7 8. f4
e5 9. Nf3 exf4 10. Bxf4 Qe7 11. Qd2 Ne5 12. O-O O-O 13. Rae1 Rd8 14. Qf2 Nxf3+
15. Qxf3 Be6 16. e5 Bd5 17. Qe3 Re8 18. Re2 c4 19. Nxd5 cxd5 20. d4 Qd7 21. Bg5
Re6 22. Qf3 Rf8 23. Bf6 Bxf6 24. exf6 Rxe2 25. Qxe2 Re8 26. Qd2 Qe6 27. Kh2 Qe3
28. Re1 1-0

[Event "Brno CEZ Talent"]
[Site "?"]
[Date "2013.09.01"]
[Round "9"]
[White "Stehlik, Jiri"]
[Black "Kratochvil, Josef"]
[Result "1/2-1/2"]
[WhiteElo "2008"]
[BlackElo "2241"]
[PlyCount "51"]

1. Nf3 Nf6 2. c4 c5 3. g3 b6 4. Bg2 Bb7 5. O-O e6 6. b3 Be7 7. Bb2 d6 8. Nc3 a6
9. e3 O-O 10. Qc2 Nbd7 11. Rac1 Qc7 12. d4 Rfc8 13. Qe2 Qb8 14. Rfd1 Bf8 15. h3
h5 16. Ne1 Bxg2 17. Nxg2 cxd4 18. exd4 b5 19. Ne3 bxc4 20. Nxc4 Nb6 21. Nxb6
Qxb6 22. d5 e5 23. Ne4 Nxe4 24. Qxe4 g6 25. Rc4 Bh6 26. Bc1 {(R)} 1/2-1/2

[Event "Brno CEZ Talent"]
[Site "?"]
[Date "2013.09.01"]
[Round "9"]
[White "Kratochvil, Karel"]
[Black "Blahynka, Martin"]
[Result "1/2-1/2"]
[WhiteElo "2233"]
[BlackElo "2166"]
[PlyCount "23"]

1. d4 Nf6 2. c4 c5 3. d5 b5 4. cxb5 {(R)} a6 5. b6 d6 6. Nc3 g6 7. e4 Bg7 8.
Nf3 Nbd7 9. a4 Qxb6 10. Nd2 O-O 11. Nc4 Qb7 12. Ra3 {(R)} 1/2-1/2

[Event "Brno CEZ Talent"]
[Site "?"]
[Date "2013.09.01"]
[Round "9"]
[White "Fiala, Vaclav"]
[Black "Musil, Jiri"]
[Result "1-0"]
[WhiteElo "2192"]
[BlackElo "2092"]
[PlyCount "65"]

1. e4 c5 {(R)} 2. Nf3 d6 3. d4 cxd4 4. Nxd4 Nf6 5. Nc3 a6 6. Bc4 e6 7. Bb3 Be7
8. Be3 O-O 9. Qe2 b5 10. O-O-O Qc7 11. g4 Nc6 12. g5 Nxd4 13. Bxd4 Nd7 14. Qh5
Bb7 15. Rd3 Rfc8 16. Rf3 Ne5 17. Rh3 h6 18. f4 b4 19. Rg1 bxc3 20. gxh6 g6 21.
fxe5 cxb2+ 22. Kxb2 Kh7 23. Qf3 Bd8 24. exd6 Qd7 25. Rf1 f5 26. Qg3 Qb5 27. Rg1
g5 28. a4 Rxc2+ 29. Kxc2 Rc8+ 30. Kb2 Qe2+ 31. Ka1 Qxe4 32. Qe5 Qxe5 33. Bxe5
1-0

[Event "Brno CEZ Talent"]
[Site "?"]
[Date "2013.09.01"]
[Round "9"]
[White "Sremanak, Slavomir"]
[Black "Dobes, Vojtech"]
[Result "1-0"]
[WhiteElo "2184"]
[BlackElo "2105"]
[PlyCount "57"]

1. e4 c5 2. a3 Nc6 3. b4 cxb4 4. axb4 Nxb4 5. d4 d5 6. c3 Nc6 7. Bb5 e6 8. e5
Bd7 9. Bd3 a6 10. Nf3 Be7 11. h4 h6 12. h5 Qc7 13. Na3 O-O-O 14. Bf4 Bf8 15.
O-O Nge7 16. Qe2 g6 17. Rfb1 Nb8 18. c4 dxc4 19. Nxc4 Nd5 20. Bd2 Bb5 21. Ba5
b6 22. Nxb6+ Nxb6 23. Bxb5 axb5 24. Qxb5 Rd5 25. Qxb6 Qxb6 26. Rxb6 Nd7 27.
Rc1+ Kd8 28. Rb8+ Ke7 29. Bb4+ 1-0

[Event "Brno CEZ Talent"]
[Site "?"]
[Date "2013.09.01"]
[Round "9"]
[White "Richterova, Natasa"]
[Black "Kratochvil, Milan"]
[Result "1/2-1/2"]
[WhiteElo "2059"]
[BlackElo "2180"]
[PlyCount "36"]

1. Nf3 d5 2. g3 Nf6 3. Bg2 e6 4. d3 c5 5. O-O Nc6 6. Nbd2 Be7 7. Re1 b6 8. e4
d4 9. Nc4 Bb7 10. Nfe5 Nxe5 11. Nxe5 Nd7 12. Nxd7 Qxd7 13. Qg4 Bf6 14. e5 h5
15. Qe2 Be7 16. h4 O-O-O 17. Bxb7+ Qxb7 18. Qe4 {(R)} Qxe4 1/2-1/2

[Event "Brno CEZ Talent"]
[Site "?"]
[Date "2013.09.01"]
[Round "9"]
[White "Vechet, Stanislav"]
[Black "Messerschmidt, Stanislav"]
[Result "1/2-1/2"]
[WhiteElo "2165"]
[BlackElo "1993"]
[PlyCount "20"]

1. d4 g6 2. g3 Bg7 3. Bg2 c6 4. e4 d5 5. exd5 cxd5 6. c3 e6 7. Nf3 Ne7 8. O-O
Nbc6 9. Bf4 O-O 10. Re1 Qb6 1/2-1/2

[Event "Brno CEZ Talent"]
[Site "?"]
[Date "2013.09.01"]
[Round "9"]
[White "Novak, Vitezslav"]
[Black "Meszaros, Ludek"]
[Result "1/2-1/2"]
[WhiteElo "1970"]
[BlackElo "2106"]
[PlyCount "120"]

1. e4 e5 2. Nc3 Nf6 3. Bc4 Nxe4 4. Qh5 Nd6 5. Bb3 Nc6 6. Nb5 g6 7. Qf3 f5 8.
Qd5 {(R)} Qe7 9. Nxc7+ Kd8 10. Nxa8 b6 11. d3 Bb7 12. h4 f4 13. Qf3 Nd4 14. Qh3
Bxa8 15. c3 N4f5 16. Bd2 Bg7 17. O-O-O Bf6 18. Nf3 h6 19. Rhe1 g5 20. Nxe5 Bxe5
21. d4 Nxh4 22. Rxe5 Bxg2 23. Qd3 Qf6 24. Qa6 Nc8 25. Bd5 Bxd5 26. Rxd5 Qc6 27.
Qb5 {(R)} Qxb5 28. Rxb5 d6 29. c4 Kc7 30. Rb3 Ne7 31. c5 Nd5 32. cxd6+ Kxd6 33.
Re1 Nf5 34. Bb4+ Nxb4 35. Rxb4 Ne7 36. Rc4 Nd5 37. Rc2 f3 38. Kd2 g4 39. Rec1
h5 40. Rc6+ Kd7 41. Rg6 Ne7 42. Rg7 Kd6 43. Re1 Nc6 44. Re4 Rh6 45. Re8 Nxd4
46. Rd8+ Ke5 47. Rgd7 Ne6 48. Rg8 {(R)} a5 49. Rb7 Nf4 50. Re8+ Kd4 51. Rd7+
Kc5 52. Rc8+ Kb5 53. Rf8 Ne6 54. Rf5+ Kc6 55. Rdf7 Kd6 56. Rb7 h4 57. Rxb6+ Kc7
58. Ra6 h3 59. Rf7+ Kb8 60. Rb6+ Kc8 1/2-1/2

[Event "Brno CEZ Talent"]
[Site "?"]
[Date "2013.09.01"]
[Round "9"]
[White "Sikora, Lukas"]
[Black "Navratil, Jiri"]
[Result "0-1"]
[WhiteElo "1954"]
[BlackElo "2036"]
[PlyCount "56"]

1. d4 d5 2. c4 c6 3. Nf3 Nf6 4. Nc3 e6 5. e3 Nbd7 6. b3 Bb4 7. Bb2 Qa5 8. Qc2
Ne4 9. Rc1 Qxa2 10. Bd3 Nxc3 11. Bxc3 Qxc2 12. Rxc2 Bxc3+ 13. Rxc3 O-O 14. Nd2
Nf6 15. Ke2 Re8 16. f4 Bd7 17. e4 dxe4 18. Nxe4 Nxe4 19. Bxe4 g6 20. Rd1 Rad8
21. g4 e5 22. fxe5 Bxg4+ 23. Bf3 Bxf3+ 24. Rxf3 c5 25. Ke3 Rxe5+ 26. dxe5 Rxd1
27. Kf4 Rd4+ 28. Kg5 Kg7 0-1

[Event "Brno CEZ Talent"]
[Site "?"]
[Date "2013.09.01"]
[Round "9"]
[White "Dirgas, Josef"]
[Black "von Keyserlingk, Chanda"]
[Result "1-0"]
[WhiteElo "2024"]
[BlackElo "1673"]
[PlyCount "45"]

1. d4 Nf6 2. Nf3 g6 3. c4 d6 4. Nc3 Bg7 5. e4 O-O 6. Be2 e5 7. dxe5 dxe5 8. Bg5
Qxd1+ 9. Rxd1 Be6 10. Nd5 Bxd5 11. exd5 Nbd7 12. O-O Ne4 13. Be3 a5 14. Ne1 f5
15. Nd3 Nd6 16. b3 e4 17. Nf4 Rf7 18. Ne6 Ne8 19. c5 Be5 20. Bc4 Ndf6 21. d6
cxd6 22. Ng5 d5 23. Rxd5 1-0

[Event "Brno CEZ Talent"]
[Site "?"]
[Date "2013.09.01"]
[Round "9"]
[White "Hrdlicka, Vladan"]
[Black "Hosek, Martin"]
[Result "0-1"]
[WhiteElo "1686"]
[BlackElo "2008"]
[PlyCount "68"]

1. e4 Nf6 2. e5 Nd5 3. d4 d6 4. Nf3 g6 5. Be2 Bg7 6. c4 Nb6 7. Nc3 Bg4 8. Qb3
Nc6 9. e6 fxe6 10. c5 Bxf3 11. Bxf3 Nxd4 12. Qd1 Nd7 13. Bxb7 Rb8 14. c6 Ne5
15. O-O Ndxc6 16. Bxc6+ Nxc6 17. Qa4 Qd7 18. Qf4 e5 19. Qg3 O-O 20. h4 e6 21.
h5 Qf7 22. Ne4 Nd4 23. Qd3 Qf5 24. hxg6 Qxg6 25. f4 d5 26. Nc5 Qxd3 27. Nxd3
Ne2+ 28. Kh2 exf4 29. Nc5 Rf5 30. Kh3 e5 31. Kg4 Rf7 32. Rh1 Nxc1 33. Raxc1
Rxb2 34. Kf3 e4+ 0-1

[Event "Brno CEZ Talent"]
[Site "?"]
[Date "2013.09.01"]
[Round "9"]
[White "Paulik, Martin"]
[Black "Sladek, Vladislav"]
[Result "1/2-1/2"]
[WhiteElo "1875"]
[BlackElo "2024"]
[PlyCount "36"]

1. c4 e5 2. Nc3 Bb4 3. g3 Nf6 4. Bg2 Bxc3 5. dxc3 O-O 6. Nf3 Re8 7. O-O h6 8.
Be3 Nc6 9. c5 Ng4 10. Qd2 b6 11. cxb6 axb6 12. h3 Nxe3 13. Qxe3 Bb7 14. Rfd1
Na5 15. b3 d6 16. c4 Qf6 17. Qc3 Qe7 18. Rac1 e4 {(R)} 1/2-1/2

[Event "Brno CEZ Talent"]
[Site "?"]
[Date "2013.09.01"]
[Round "9"]
[White "Zeman, Radek"]
[Black "Kuchynka, Lubos"]
[Result "1-0"]
[WhiteElo "1895"]
[BlackElo "2038"]
[PlyCount "59"]

1. e4 c5 2. Nf3 d6 3. d4 cxd4 4. Nxd4 Nf6 5. Nc3 g6 6. Be3 Bg7 7. f3 Nc6 8. Qd2
Bd7 9. O-O-O Rc8 10. g4 Ne5 11. h4 h5 12. g5 Nh7 13. Be2 O-O 14. Rdg1 Re8 15.
f4 Ng4 16. Bxg4 Bxg4 17. Rxg4 hxg4 18. f5 Qa5 19. fxg6 fxg6 20. h5 Nf8 21. Kb1
Rc4 22. Ndb5 Rb4 23. h6 Be5 24. Qd5+ e6 25. Qxb7 Bxc3 26. h7+ Kh8 27. Qf7 Rxb2+
28. Kc1 Rxc2+ 29. Kxc2 Qxa2+ 30. Kd3 1-0

[Event "Brno CEZ Talent"]
[Site "?"]
[Date "2013.09.01"]
[Round "9"]
[White "Lisik, Miroslav"]
[Black "Zeman, Arnost"]
[Result "0-1"]
[WhiteElo "1667"]
[BlackElo "2002"]
[PlyCount "64"]

1. e4 c5 2. Nc3 a6 3. f4 e6 4. Nf3 Nc6 5. d3 d6 6. g3 Nf6 7. Bg2 Qc7 8. O-O Rb8
9. Ne2 Be7 10. h3 b5 11. g4 Nd7 12. Ng3 g6 13. Qe1 Nb6 14. f5 Nd4 15. Nxd4 cxd4
16. Qf2 Bh4 17. Qxd4 e5 18. Qc3 Qc5+ 19. Qxc5 dxc5 20. Ne2 Be7 21. Be3 Nd7 22.
g5 f6 23. h4 Rg8 24. Kh2 gxf5 25. gxf6 Nxf6 26. Bh3 f4 27. Bd2 Ng4+ 28. Bxg4
Rxg4 29. Rg1 Rxh4+ 30. Kg2 Bg4 31. Kf1 h5 32. Nc3 Rh2 0-1

[Event "Brno CEZ Talent"]
[Site "?"]
[Date "2013.09.01"]
[Round "9"]
[White "Vesely, Jaromir"]
[Black "Licka, Vlastimil"]
[Result "0-1"]
[WhiteElo "1961"]
[BlackElo "1959"]
[PlyCount "58"]

1. d4 Nf6 2. c4 e6 3. Nf3 Bb4+ 4. Nbd2 d5 5. e3 O-O 6. a3 Bxd2+ 7. Bxd2 Nbd7 8.
Rc1 b6 9. cxd5 exd5 10. b4 Ne4 11. Qc2 c5 12. bxc5 bxc5 13. dxc5 Ndxc5 14. Bb4
Be6 15. Be2 a5 16. Bxc5 Nxc5 17. O-O Rc8 18. Nd4 Ne4 19. Qd3 Qf6 20. Rxc8 Rxc8
21. f4 g6 22. Nb5 Qb2 23. Bf3 Nd2 24. Be2 Nxf1 25. Bxf1 Rc1 26. h3 d4 27. Kh2
Bc4 28. Qe4 Qxb5 29. Bxc4 Rxc4 0-1

[Event "Brno CEZ Talent"]
[Site "?"]
[Date "2013.09.01"]
[Round "9"]
[White "Hlavinka, Zdenek"]
[Black "Effenberger, Adam"]
[Result "1-0"]
[WhiteElo "1951"]
[BlackElo "1700"]
[PlyCount "39"]

1. e4 c5 2. Nf3 Nc6 3. d4 cxd4 4. Nxd4 g6 5. Nxc6 bxc6 6. Nc3 Bg7 7. Bc4 d6 8.
O-O Nf6 9. e5 Ng4 10. e6 Ne5 11. exf7+ Kf8 12. Qe2 Nxc4 13. Qxc4 Qd7 14. Rd1
Qg4 15. Qxc6 Bxc3 16. f3 Bd4+ 17. Kh1 Qd7 18. Qxa8 Bb6 19. Qd5 Bb7 20. Bh6# 1-0

[Event "Brno CEZ Talent"]
[Site "?"]
[Date "2013.09.01"]
[Round "9"]
[White "Zikan, Karel"]
[Black "Stanek, Stanislav"]
[Result "1/2-1/2"]
[WhiteElo "1795"]
[BlackElo "1967"]
[PlyCount "120"]

1. Nf3 d5 2. d4 Bf5 3. c4 e6 4. Bf4 c6 5. Nc3 Bd6 6. Bxd6 Qxd6 7. e3 Nd7 8. Rc1
Ngf6 9. cxd5 exd5 10. Bd3 Bxd3 11. Qxd3 O-O 12. O-O Rfe8 13. b4 Ne4 14. a3 a5
15. Rb1 axb4 16. axb4 Nb6 17. Nd2 Nxd2 18. Qxd2 Nc4 19. Qd3 Ra3 20. b5 Qg6 21.
Qxg6 hxg6 22. Rfc1 Rea8 23. bxc6 bxc6 24. h4 Nd2 25. Rb6 Nb3 26. Rb1 Nxd4 27.
Nxd5 cxd5 28. exd4 Rd3 29. Rb8+ Rxb8 30. Rxb8+ Kh7 31. Rb4 Rd1+ 32. Kh2 Kh6 33.
g3 g5 34. hxg5+ Kxg5 35. Kg2 Kf5 36. Kf3 Rd3+ 37. Ke2 Ke4 38. Rb7 Rxd4 39. Rxf7
g5 40. f3+ Ke5 41. Ke3 Ra4 42. f4+ Ke6 43. Rf8 Ra3+ 44. Kf2 g4 45. Rg8 Rf3+ 46.
Kg2 Kf5 47. Rg5+ Ke4 48. Rxg4 Ra3 49. Rg5 Ra2+ 50. Kf1 Kf3 51. Ke1 d4 52. Rd5
Ke3 53. Re5+ Kf3 54. Rd5 Ra4 55. Kd2 Kxg3 56. f5 Kf4 57. f6 Ke4 58. Rd7 Ra2+
59. Ke1 Ra6 60. f7 Rf6 1/2-1/2

[Event "Brno CEZ Talent"]
[Site "?"]
[Date "2013.09.01"]
[Round "9"]
[White "Zitny, Petr"]
[Black "Turza, Pavel"]
[Result "0-1"]
[WhiteElo "1877"]
[BlackElo "1774"]
[PlyCount "86"]

1. e4 e5 2. Nf3 Nc6 3. d4 exd4 4. Bc4 Bb4+ 5. c3 dxc3 6. O-O Qe7 7. bxc3 Bc5 8.
e5 h6 9. Bf4 Nd8 10. Nbd2 Ne6 11. Bg3 d6 12. Re1 dxe5 13. Bxe5 Nf6 14. Bxf6
Qxf6 15. Ne4 Qe7 16. Ne5 O-O 17. Qh5 Nf4 18. Qf3 Qxe5 19. Nxc5 Qxc5 20. Qxf4
Be6 21. Bd3 Qd6 22. Qe4 g6 23. Rad1 Qd5 24. Qe3 Qg5 25. f4 Qa5 26. Qg3 Qxc3 27.
Rxe6 fxe6 28. Qxg6+ Qg7 29. Qxe6+ Kh8 30. Bb1 Rad8 31. Rf1 Rd6 32. Qe4 Qd4+ 33.
Qxd4+ Rxd4 34. g3 Rfd8 35. Bc2 Rd2 36. Bb3 Re8 37. Bc4 Kg7 38. Rb1 b6 39. Bb5
Red8 40. Ba4 Rxa2 41. Bb3 Rad2 42. Rc1 c5 43. Re1 c4 0-1

[Event "Brno CEZ Talent"]
[Site "?"]
[Date "2013.09.01"]
[Round "9"]
[White "Kosina, Vladimir"]
[Black "Veznik, Michael"]
[Result "1/2-1/2"]
[WhiteElo "1773"]
[BlackElo "1876"]
[PlyCount "132"]

1. e4 c5 2. Nf3 Nc6 3. Be2 g6 4. O-O Bg7 5. c3 d5 6. d3 d4 7. Re1 e5 8. Nbd2
Nge7 9. Nb3 b6 10. Bg5 f6 11. Bd2 O-O 12. Rc1 Be6 13. a3 Qd6 14. c4 h6 15. Bf1
f5 16. Qe2 Rf7 17. h3 Raf8 18. Nh2 fxe4 19. dxe4 b5 20. cxb5 Bxb3 21. bxc6 Qxc6
22. f3 c4 23. Ng4 Kh7 24. Rxc4 Bxc4 25. Qxc4 Qb6 26. Qb4 Nc6 27. Qxb6 axb6 28.
Rc1 Na5 29. Bxa5 bxa5 30. Rc5 Rb7 31. Rxa5 Rxb2 32. Nxe5 Rc8 33. Nd3 Rb1 34.
Nc5 h5 35. Kf2 h4 36. f4 Bf8 37. Ra7+ Kh8 38. Nd3 Rc2+ 39. Be2 Ra1 40. Kf3 Rxa3
41. Rxa3 Bxa3 42. Bf1 Kg7 43. Kg4 Be7 44. Kf3 Kh6 45. e5 Ra2 46. Ke4 Ra4 47.
Be2 Ra2 48. Bf1 Ra4 49. Be2 Kg7 50. Bf1 Kf7 51. Be2 Ke6 52. Bg4+ Kf7 53. Bd1
Ra1 54. Bb3+ Kg7 55. Kxd4 Rg1 56. Bd5 Rd1 57. Be4 Ba3 58. Kc3 Kf7 59. Bd5+ Ke7
60. Kc2 Rg1 61. Kd2 Kf8 62. Ke2 Ra1 63. Kf3 Be7 64. Ke2 Kg7 65. Ke3 Kf8 66. Ke2
Kg7 {(R)} 1/2-1/2

[Event "Brno CEZ Talent"]
[Site "?"]
[Date "2013.09.01"]
[Round "9"]
[White "Hradsky, Ales"]
[Black "Martisek, Karel"]
[Result "0-1"]
[WhiteElo "1768"]
[BlackElo "1872"]
[PlyCount "62"]

1. e4 e5 2. Nf3 Nf6 3. d4 exd4 4. Qxd4 d6 5. Bd3 Nc6 6. Qe3 Be7 7. O-O O-O 8.
h3 Nb4 9. a3 Nxd3 10. cxd3 c5 11. Nc3 a6 12. d4 cxd4 13. Nxd4 Re8 14. f4 Bf8
15. Qf3 Bd7 16. Be3 Rc8 17. g4 Nxe4 18. Nxe4 Qe7 19. Nxd6 Qxd6 20. Rad1 Bc6 21.
Nxc6 Qxc6 22. Qxc6 Rxc6 23. Rd7 Rxe3 24. Rxb7 Rce6 25. Kg2 h6 26. f5 Re8 27.
Rb6 Re2+ 28. Kg3 a5 29. h4 Bc5 30. Ra6 Rxb2 31. Rxa5 Bd6+ 0-1